LDR 01028naa#a2200217#i#450# 001 RU\\bibl\123569 005 20260630033429.2 011 ## _a2077-7566 100 ## _a20260629b2026####ek#y0rusy0150####ca 101 0# _aRUS 102 ## _aRU 200 1# _aСРАВНЕНИЕ ПОВЕРХНОСТИ И ДИЗАЙНА ИМПЛАНТАТОВ И ВЛИЯНИЕ ИХ ОБРАБОТКИ НА ПЕРВИЧНУЮ СТАБИЛЬНОСТЬ _eЖурнальная статья 210 1# _aЕкатеринбург _cИздательский Дом «ТИРАЖ» _d2026 215 ## _a4 с. 608 ## _aЖурнальная статья _2local 675 ## _aСтоматология. Заболевания ротовой полости и зубов. 616.31 _zRUS 686 ## _aКлиническая медицина. 76.29 _2grnti 700 #1 _aИзосимов _gАртем Александрович 700 #1 _aАминев _gАйрат Русланович 700 #1 _aДворский _gДмитрий Викторович 856 4# _adental-press.ru _u